000 00498nam a2200181Ia 4500
008 220204s9999 xx 000 0 und d
020 _a8187606533
082 _a632.937
_bPRA
100 _aPrasad, D
245 0 _aAdvances in plant protection sciences
260 _aNew Delhi
_bAkansha Pub House
_c2004
650 _aEco friendly management
650 _aInsect pest management
650 _aPlant disease management
650 _aWeed management
700 _aSingh, Amerika
942 _cBK
999 _c42502
_d42502